00178nam a2200073Ia 4500082001200000245002400012100002700036008004100063 aAF MALH 0an lied vir Chablis  a MALHERBE, Madeleine 210825s9999 xx 000 0 und d